01739nam a2200241Ia 4500001000600000003000900006008004100015040001300056040001300069041001300082100002500095100002900120245006100149245006100210250001100271260001200282260001300294260004900307300005700356500101700413650003601430650003101466F4648IT-RoPAU130308s9999 xx 000 0 und d aIT-RoPAU cIT-RoPAU aITALIANO aVolonterio Guglielmo gCodice Aut. SPICS: 20205 aDalle suggestioni del parco alla grande festa del cinema bDalle suggestioni del parco Alla Grande festa del Cinema a1a ed. aVENEZIA bMarsilio c1997 [1° Ed.:1997 - Ed.Ling.Originale:1997] a"384 p. (prefazione: no ; testo: 384 [pagine: 0-0])" aStoria del festival di Locarno 1946 1997. Prefazione di Gian Luigi Rondi. Introduzione di Pietro Bellasi: la festa nella Festa. Osservazioni Generali. Ambiente. Giovani e Storia. utopia e Giovani. Problema dell'Identità. nostalgia degli Anni Mitici. gestione Bianconi Buache. Cinema e Gioventu'. per salvare la Continuità del Festival. Dimensione Vacchini. Società Svizzera dei festival internazionali di Cinema. circuito Alternativo Anni Settanta. gestione di Hadeln. Crisi della mostra del Cinema di Venezia. gestione Brossard. miracolo del festival Center Morettina. gestione Streiff. per una Riflessione di Fondo. sogno Comunitario e Schermo. Altro momento magico della Vita del Festival. sezione tv Movies. gestione Muller. Verso Nuovi Statuti e Nuova Impostazione. 1996: Rivitalizzazione e Ricerca di una Nuova Impostazione. festival di Locarno e Cinema Minoritario. Appendice: Attività delle giornate Cinema e Gioventu', Attività promozionale del Montecinemaverità. Locarno Città del Cinema. aMANIFESTAZIONI CINEMATOGRAFICHE eCodice materia Spics: 6815